000 00822nam a2200229 a 4500
001 000047897
005 20210628225112.0
008 181002s2018 dr 000 0 spa d
020 _a9789945504040
040 _aDO-SdBNP
_bspa
_cBNPHU
082 _a378.7293
_bV335o
100 1 _aVásquez, Antonio
_975459
245 1 0 _aOrigen histórico de la UASD en Nagua /
_cAntonio Vásquez.
260 _aSanto Domingo :
_bEl Nuevo Diario,
_c2018.
300 _a461 p. :
_bil., retrs. ;
_c26 cm.
500 _aIncluye datos biográficos del autor en las solapas
504 _aBibliografía : p. 459-461
590 _aInventariado, 2018/VM
610 0 _aUniversidad Autónoma de Santo Domingo
_976692
650 4 _aEducación superior
_zRepública Dominicana, Nagua
_xHistoria
_975460
910 _aValidado. Control de calidad MFF
999 _c47385
_d47385